Finnish bands - Statistics

General Stats
  • This quiz has been taken 617 times
  • The average score is 7 of 14
Answer Stats
Members Song Band % Correct
Mr. Lordi, Amen, OX, Hella, Mana Hard Rock Hallelujah Lordi
93%
Tuomas Holopainen, Emppu Vuorinen, Jukka Nevalainen, Marco Hietala, Troy Donockley, Floor Jansen Nemo Nightwish
89%
Ville Valo, Mikko Lindström, Mikko Paananen, Mika Karppinen, Janne Puurtinen Wings of A Butterfly HIM
81%
Lauri Ylönen, Eero Heinonen, Pauli Rantasalmi, Aki Hakala In The Shadows The Rasmus
78%
Alexi Laiho, Jaska Raatikainen, Henkka Seppälä, Janne Wirman, Roope Latvala Needled 24/7 Children of Bodom
60%
Eicca Toppinen, Paavo Lötjönen, Perttu Kivilaakso, Mikko Sirén Not Strong Enough Apocalyptica
57%
Jyrki 69, Bazie, Timo-Timo, Archzie, Jussi 69 Lost Boys The 69 Eyes
56%
Timo Kotipelto, Jens Johansson, Lauri Porra, Matias Kupiainen, Rolf Pilve Black Diamond Stratovarius
46%
Tommy Portimo, Tony Kakko, Henrik Klingenberg, Elias Viljanen, Pasi Kauppinen FullMoon Sonata Arctica
40%
Markus Kaarlonen, Marko Saaresto, Olli Tukiainen, Jani Snellman, Jaska Makinen, Jari Salminen Carnival of Rust Poets of the Fall
38%
Tomi Joutsen, Esa Holopainen, Tomi Koivusaari, Niclas Etelävuori, Santeri Kallio, Jan Rechberger Silver Bride Amorphis
31%
Jonne Järvelä, Matti "Matson" Johansson, Kalle "Cane" Savijärvi, Jarkko Aaltonen, Tuomas Rounakari, Sami Perttula Vodka Korpiklaani
30%
Mathias Nygård, Jussi Wickström, Olli Vänskä, Robert Engstrand, Jaakko Jakku, Jesper Anastasiadis Battle Metal Turisas
18%
Markus Toivonen, Petri Lindroos, Sami Hinkka, Janne Parviainen, Emmi Silvennoinen Victory Song Ensiferum
17%
No matching quizzes found
Score Distribution
Percent of People with Each Score
Percentile by Number Answered
Your Score History
You have not taken this quiz